000 00870 a2200229 4500
005 20080819160440.0
008 080819t xxu||||| |||| 00| 0 eng d
010 _aENG-84763
020 _a8182180090
_c125.00
035 _aEN-68296
037 _bD.B.Act / Pub
040 _adpl
_bEnglish
082 _a657.45
100 _aSingh, A. K.
245 _aAuditing
_btheory and practice
_cby A. K. Singh
260 _aNew Delhi
_bGalgotia Publishing Company
_c2006
270 _a6A/4, WEA, Karol Bagh,
_bNew Delhi
_cDelhi
_e110005
_k41450694
_l23755150
_mgalgotiabooks@rediffmail.com
300 _a257 p.
_c23 cm (Pbk)
650 _aAuditing
942 _adpl
_cEN
_k657.45 / SIN
_2ddc
_h657.45
_mSIN
999 _c332
_d332